Research project: (Record no. 1398)

MARC details
000 -LEADER
fixed length control field 00815nam a22002177a 4500
005 - DATE AND TIME OF LATEST TRANSACTION
control field 20230223052645.0
008 - FIXED-LENGTH DATA ELEMENTS--GENERAL INFORMATION
fixed length control field 230223b |||||||| |||| 00| 0 eng d
020 ## - INTERNATIONAL STANDARD BOOK NUMBER
International Standard Book Number 978-621-427-079-8
082 ## - DEWEY DECIMAL CLASSIFICATION NUMBER
Classification number Fil. 808.02 B171 2020
100 ## - MAIN ENTRY--PERSONAL NAME
Personal name Balahadia, Francis F.
Relator term author
245 ## - TITLE STATEMENT
Title Research project:
Remainder of title practical guide for writing information technology education /
Statement of responsibility, etc. Francis F. Balahadia, Marmelo V. Abante, John Edgar S. Anthony
260 ## - PUBLICATION, DISTRIBUTION, ETC.
Place of publication, distribution, etc. Manila:
Name of publisher, distributor, etc. Unlimited Books Library Services & Publishing,
Date of publication, distribution, etc. c2020
300 ## - PHYSICAL DESCRIPTION
Extent viii, 216p.:
Other physical details ill.
504 ## - BIBLIOGRAPHY, ETC. NOTE
Bibliography, etc. note Includes bibliographical references
541 ## - IMMEDIATE SOURCE OF ACQUISITION NOTE
Accession number 6906 c.1, 6907 c.2, 6908 c.3
650 ## - SUBJECT ADDED ENTRY--TOPICAL TERM
Topical term or geographic name entry element Report writing
650 ## - SUBJECT ADDED ENTRY--TOPICAL TERM
Topical term or geographic name entry element Research
700 ## - ADDED ENTRY--PERSONAL NAME
Personal name Abante, Marmelo V.
Relator term author
700 ## - ADDED ENTRY--PERSONAL NAME
Personal name Abante, Marmelo V.
Relator term author
700 ## - ADDED ENTRY--PERSONAL NAME
Personal name Anthony, John Edgar S.
Relator term author
Holdings
Withdrawn status Lost status Source of classification or shelving scheme Damaged status Not for loan Home library Current library Date acquired Total Checkouts Full call number Barcode Date last seen Copy number Price effective from Koha item type
    Dewey Decimal Classification     ctu-moalboal ctu-moalboal 03/03/2021   Fil. 808.02 B171 2020 6906 02/23/2023 1 02/23/2023 Books-Filipiniana
    Dewey Decimal Classification     ctu-moalboal ctu-moalboal 03/03/2021   Fil. 808.02 B171 2020 6907 02/23/2023 2 02/23/2023 Books-Filipiniana
    Dewey Decimal Classification     ctu-moalboal ctu-moalboal 03/03/2021   Fil. 808.02 B171 2020 6908 02/23/2023 3 02/23/2023 Books-Filipiniana